[Event "Mar del Plata"]
[Site "Mar del Plata"]
[Date "1971.??.??"]
[Round "4"]
[White "Browne, Walter S"]
[Black "Juarez, Carlos Eleodoro"]
[Result "1-0"]
[WhiteElo "2500"]
[BlackElo "2340"]

1.e4 c5 2.Nf3 d6 3.Nc3 a6 4.g3 b5 5.Bg2 Bb7 6.d3 e6 7.O-O Be7 8.e5 dxe5 9.Nxe5 Bxg2
10.Kxg2 Nf6 11.Qf3 Ra7 12.a4 b4 13.Ne4 O-O 14.Re1 Rc7 15.b3 Nxe4 16.Rxe4 Bf6
17.Bb2 Qd5 18.Rb1 Qb7 19.Rc4 Qc8 20.Rf4 Bxe5 21.Bxe5 Nd7 22.Bxc7 Qxc7 23.Re1 e5
24.Rfe4 f5 25.R4e2 Kh8 26.Qd5 f4 27.gxf4 Rxf4 28.Rxe5 Nf8 29.R1e4 Rf6 30.Rf5 Rg6+
31.Kh1 Qc8 32.Qf7  1-0

[Event "Mar del Plata"]
[Site "Mar del Plata"]
[Date "1971.??.??"]
[Round "5"]
[White "Sumiacher, Carlos"]
[Black "Browne, Walter S"]
[Result "1/2-1/2"]
[WhiteElo "2315"]
[BlackElo "2500"]

1.c4 c5 2.Nc3 g6 3.g3 Bg7 4.Bg2 Nc6 5.e3 d6 6.Nge2 h5 7.h3 e5 8.d3 Nge7 9.O-O O-O
10.a3 Rb8 11.Rb1 a6 12.b4 cxb4 13.axb4 b5 14.cxb5 axb5 15.Nd5 Nxd5 16.Bxd5 Ne7
17.Bg2 Be6 18.Bb2 h4 19.g4 f5 20.gxf5 Rxf5 21.Qd2 Qd7 22.Kh2 Rbf8 23.f4 Bh6
24.Rf2 Kh7 25.Rbf1 R5f7 26.d4 e4 27.d5 Bxd5 28.Nc3 Qb7 29.Rd1 Bc6 30.Qxd6 Nf5
31.Qd2 Rd7 32.Qc1 Rxd1 33.Nxd1 Bd5 34.Nc3 Bc6 35.Ne2 Bd5 36.Nd4 Nxd4 37.Bxd4 Bc4
38.Qc2 Re8 39.Bf6 Qf7 40.Bd4 Bd3 41.Qa2 Qxa2 42.Rxa2 Bf8 43.Ra7+ Kg8 44.Ra6 Bxb4
45.Rxg6+ Kh7 46.f5 Be1 47.Rg7+ Kh6 48.Bf6 Bg3+ 49.Kg1 Rc8 50.Rg6+ Kh5 51.Rg5+ Kh6
52.Rg6+ Kh7 53.Rg7+  1/2-1/2

[Event "Mar del Plata"]
[Site "Mar del Plata"]
[Date "1971.??.??"]
[Round "7"]
[White "Gheorghiu, Florin"]
[Black "Browne, Walter S"]
[Result "1/2-1/2"]
[WhiteElo "2530"]
[BlackElo "2500"]

1.e4 c5 2.Nf3 d6 3.Nc3 a6 4.d4 cxd4 5.Nxd4 Nf6 6.Bg5 e6 7.f4 Be7 8.Qf3 h6
9.Bh4 g5 10.fxg5 Nfd7 11.Nxe6 fxe6 12.Qh5+ Kf8 13.Bb5 Rh7 14.O-O+ Kg8 15.g6 Rg7
16.Rf7 Bxh4 17.Qxh6 Rxf7 18.gxf7+ Kxf7 19.Qh7+ Ke8 20.Qh8+ Kf7 21.Qh7+ Ke8
22.Qh5+ Kf8 23.Rf1+ Bf6 24.Qh8+ Ke7 25.Qh7+ Ke8  1/2-1/2

[Event "Mar del Plata"]
[Site "Mar del Plata"]
[Date "1971.??.??"]
[Round "11"]
[White "Schweber, Samuel"]
[Black "Browne, Walter S"]
[Result "1/2-1/2"]
[WhiteElo "2435"]
[BlackElo "2500"]

1.d4 c5 2.Nf3 cxd4 3.Nxd4 Nc6 4.e4 g6 5.Be3 Nf6 6.Nc3 Bg7 7.Be2 O-O 8.O-O d6
9.Nb3 Be6 10.Qd2 Re8 11.Nd4 Nxd4 12.Bxd4 a6 13.Rfd1 Rc8 14.a4 Qc7 15.a5 Nd7
16.Bxg7 Kxg7 17.Qd4+ Kg8 18.Qe3 Qc5 19.Rd4 Ne5 20.Qd2 Rc7 21.h3 Rec8 22.Rda4 Bc4
23.Qe1 e6 24.Bxc4 Nxc4 25.Nd1 Qe5 26.b3 Nb2 27.Nxb2 Qxb2 28.R1a2 Qe5 29.Qd2 Rc3
30.Rd4 R8c6 31.Rb4 Kg7 32.Qd1 Rc7 33.Qd4 Kf6 34.f4 Qxd4+ 35.Rxd4 Ke7 36.Rd2 Re3
37.Ra4 Rec3 38.Ra2 f5 39.exf5 gxf5 40.Re2 Kf6 41.Kf2 h5 42.Rd2 Ke7 43.Ke2 e5
44.Kd1 e4 45.Ra4 h4 46.Rad4 Rd7 47.Kc1 Re3 48.Kd1 Ke6 49.Rc4 d5 50.Rc8 d4
51.Re8+ Kf6 52.Rf8+ Kg6 53.Rg8+ Kf6 54.Rf8+ Kg6 55.Rg8+ Kh6 56.Rf8 Rd5 57.Rb8 Rg3
58.Kc1 e3 59.Re2 Rxa5 60.Kb2 Rb5 61.Ka3 Rd5 62.Rxb7 Rd6 63.Kb4 Rdg6 64.Kc4 Rxg2
65.Rxg2 Rxg2 66.Kxd4 Rxc2 67.Kxe3 Rc3+ 68.Kd4 Rxh3 69.Ke5 Rc3 70.Kxf5 h3
71.Kg4 h2 72.Rb6+ Kg7  1/2-1/2

[Event "Mar del Plata"]
[Site "Mar del Plata"]
[Date "1971.??.??"]
[Round "13"]
[White "Pilnik, Herman"]
[Black "Browne, Walter S"]
[Result "1-0"]
[WhiteElo "2420"]
[BlackElo "2500"]

1.e4 c5 2.Nf3 g6 3.c3 Bg7 4.d4 cxd4 5.cxd4 d5 6.exd5 Qxd5 7.Nc3 Qd8 8.Bc4 Nf6
9.Ne5 O-O 10.Qb3 e6 11.Be3 Nc6 12.Nxc6 bxc6 13.Be2 Nd5 14.Nxd5 cxd5 15.O-O Qd6
16.g3 Rb8 17.Qc3 Qb6 18.b3 Ba6 19.Bxa6 Qxa6 20.Qd2 Qb6 21.Rac1 a5 22.Rc5 a4
23.bxa4 Qb4 24.Qd1 Ra8 25.a5 Rfb8 26.Qd3 Rxa5 27.Rxa5 Qxa5 28.Rb1 Ra8 29.Qc2 h5
30.Rb2 h4 31.Kg2 Bf6 32.gxh4 Bxh4 33.Qc6 Bf6 34.a4 Rf8 35.Rb7 Qe1 36.Qc2 Kg7
37.Qc6 Kg8 38.Qc2 Qa1 39.Rb1 Qa3 40.Rb7 Qa1 41.Rb1 Qa3 42.Rb7 Qd6 43.Qc5 Qa6
44.Qb5 Qa8 45.a5 e5 46.a6 exd4 47.Bh6 Qc8 48.h3 Qf5 49.Qe2 Bg7 50.a7 Bxh6
51.Rb8 d3 52.Qe7 d2 53.Rxf8+ Bxf8 54.a8=Q Qg5+ 55.Qxg5 d1=Q  1-0

[Event "Skopje ol (Men) fin-C"]
[Site "Skopje"]
[Date "1972.??.??"]
[Round "4"]
[White "Trois, Francisco RT"]
[Black "Browne, Walter S"]
[Result "0-1"]
[WhiteElo "2200"]
[BlackElo "2530"]

1.e4 c5 2.Nf3 d6 3.d4 cxd4 4.Nxd4 Nf6 5.Nc3 a6 6.f4 Qc7 7.Bd3 g6 8.O-O Nc6
9.Nf3 Bg7 10.Qe1 O-O 11.Kh1 Bg4 12.Bd2 Nb4 13.Qh4 Rad8 14.Rae1 d5 15.e5 Bxf3
16.Rxf3 Nxd3 17.cxd3 d4 18.Ne4 Nxe4 19.Rxe4 f6 20.exf6 Bxf6 21.Qe1 Rd6 22.Re6 Rc8
23.f5 Rxe6 24.Qxe6+ Kg7 25.h3 Qc6 26.Qe1 Qd5 27.fxg6 hxg6 28.a3 Rc2 29.Bf4 Rxb2
30.Qg3 Ra2 31.Qg4 Kf7 32.Rg3 Qf5 33.Qf3 Rxa3 34.Rg4 Rb3  0-1

[Event "Skopje ol (Men) fin-C"]
[Site "Skopje"]
[Date "1972.??.??"]
[Round "5"]
[White "Browne, Walter S"]
[Black "Moles, John"]
[Result "1-0"]
[WhiteElo "2530"]
[BlackElo "2270"]

1.e4 e6 2.d4 d5 3.Nd2 c5 4.exd5 exd5 5.Bb5+ Bd7 6.Bxd7+ Nxd7 7.Ne2 c4 8.b3 cxb3
9.axb3 Ngf6 10.O-O Bd6 11.c4 b6 12.Nc3 O-O 13.Nb5 Bf4 14.Qf3 a6 15.Nc3 Qc7
16.Nxd5 Nxd5 17.Qxd5 Bxh2+ 18.Kh1 Nf6 19.Qf5 Bd6 20.Ne4 Nxe4 21.Qxe4 Rfe8
22.Qf3 Qe7 23.g3 a5 24.Be3 h6 25.Kg2 Rab8 26.Rh1 Bb4 27.Rh4 Qd6 28.Rah1 Re6
29.Qg4 f5 30.Qxf5 Rf8 31.Qg4 Kh7 32.d5 Ref6 33.Qe4+ Kg8 34.Bd4 Rf5 35.Rg4 g5
36.f4 Bc5 37.fxg5 Bxd4 38.gxh6+ Kh7 39.Qxd4 Qf6  1-0

[Event "Skopje ol (Men) fin-C"]
[Site "Skopje"]
[Date "1972.??.??"]
[Round "6"]
[White "Frey, Kenneth"]
[Black "Browne, Walter S"]
[Result "0-1"]
[WhiteElo "2250"]
[BlackElo "2530"]

1.Nf3 c5 2.c4 Nf6 3.g3 d5 4.cxd5 Nxd5 5.Nc3 Nc6 6.Bg2 Nc7 7.O-O e5 8.a3 a5
9.d3 Be7 10.Be3 Bd7 11.Na4 Ne6 12.Rc1 b6 13.Nxe5 Nxe5 14.Bxa8 Qxa8 15.Nxb6 Qc6
16.Nxd7 Qxd7 17.Bd2 Nc6 18.Rc4 O-O 19.Bc3 Rd8 20.Qa4 Ncd4 21.Re1 Qxa4 22.Rxa4 Nb3
23.e3 Kf8 24.Kf1 Rxd3 25.Ke2 Rd7 26.Rd1 Rb7 27.Kd3 Nc7 28.Kc2 Rb5 29.Rd7 Ne6
30.Ra7 Bd8 31.h4 Ke8 32.h5 g6 33.hxg6 hxg6 34.g4 g5 35.Re4 Rb8 36.Re5 Bb6
37.Ra6 Bc7 38.Rd5 Na1+ 39.Kb1 Nb3 40.Bf6 Bb6 41.f4 gxf4 42.exf4 Bc7 43.f5 Ned4
44.g5 Nd2+ 45.Kc1 Nf1 46.Bxd4 Bf4+ 47.Kc2 cxd4 48.Rxd4 Ne3+ 49.Kd3 Bxg5 50.Rxa5 Rb3+
51.Ke4 Rxb2 52.Ra8+ Ke7 53.Ra7+ Ke8 54.Ra8+ Ke7 55.Ra7+ Ke8 56.a4 Rf2 57.Kd3 Nxf5
58.Re4+ Kf8 59.Re2 Rf3+ 60.Ke4 Rf4+ 61.Ke5 f6+ 62.Kd5 Rd4+ 63.Kc5 Rd8 64.Rh7 Kg8
65.Reh2 Be3+ 66.Kb5 Rd5+ 67.Kc6 Ra5 68.Rb7 Rxa4 69.Rhh7 Ra8 70.Kd5 Re8 71.Rhf7 Bg5
72.Rbd7 Re5+ 73.Kc6 Re6+ 74.Kc5 Bh6 75.Rh7 Bf8+ 76.Kc4 Re7 77.Rhxe7 Nxe7
78.Kd4 Kf7 79.Ke4 Ke6 80.Rd8 f5+ 81.Kf3 Bg7 82.Ra8 Be5  0-1

[Event "Skopje ol (Men) prel"]
[Site "Skopje"]
[Date "1972.??.??"]
[Round "6"]
[White "Browne, Walter S"]
[Black "Kaplan, Julio P"]
[Result "1-0"]
[WhiteElo "2530"]
[BlackElo "2470"]

1.e4 d6 2.d4 Nf6 3.Nc3 g6 4.Nf3 Bg7 5.Be2 O-O 6.O-O Bg4 7.Be3 Nc6 8.Qd2 e5
9.dxe5 dxe5 10.Rad1 Qe7 11.Bg5 Qe6 12.Bxf6 Qxf6 13.Nd5 Qd6 14.c3 Rad8 15.Qg5 Be6
16.Bb5 Bxd5 17.Rxd5 Qe7 18.Bxc6 Qxg5 19.Nxg5 bxc6 20.Ra5 Rd2 21.b3 Ra8 22.Ra6 Rd6
23.c4 Bf8 24.c5 Rd2 25.Rxc6 Rc8 26.Ra1 a5 27.Nf3 Rc2 28.Nxe5 Bg7 29.f4 Bxe5
30.fxe5 Re8 31.Rxc7 Rxe5 32.Rf1 Rxe4 33.Rcxf7 Rxc5 34.Rf8+ Kg7 35.R1f7+ Kh6
36.Rh8 Kg5 37.Rhxh7 Rc2 38.h4+ Rxh4 39.Rxh4 Kxh4 40.Rf2 Rc1+ 41.Kh2 g5 42.Rd2 Rc3
43.Rd8 Rc2 44.Rh8+ Kg4 45.a3 Ra2 46.a4 Rc2 47.Ra8 Kh4 48.Rxa5 g4 49.Rf5 Rb2
50.Rf1 Rxb3 51.Ra1 Rb6 52.a5 Ra6 53.Ra4 Kg5 54.Kg3 Kf5 55.Rf4+ Ke6 56.Ra4 Kf5
57.Kf2 Kg5 58.g3  1-0

[Event "Skopje ol (Men) fin-C"]
[Site "Skopje"]
[Date "1972.??.??"]
[Round "9"]
[White "Browne, Walter S"]
[Black "Belkadi, Ridha"]
[Result "1-0"]
[WhiteElo "2530"]
[BlackElo "2360"]

1.e4 e6 2.d4 d5 3.Nd2 c5 4.exd5 exd5 5.Bb5+ Nc6 6.Ngf3 Bd6 7.O-O Ne7 8.dxc5 Bxc5
9.Nb3 Bd6 10.Re1 O-O 11.Bg5 Bg4 12.Be2 Qc7 13.h3 Bd7 14.Nfd4 a6 15.Nxc6 bxc6
16.c4 dxc4 17.Bxc4 Ng6 18.Qd2 Ne5 19.Be2 Rab8 20.Red1 Bb4 21.Qd4 c5 22.Qe3 Ng6
23.Bxa6 Be6 24.Qe2 c4 25.Rac1 c3 26.bxc3 Ba3 27.Rc2 Rfe8 28.Qf1 h6 29.Be3 Qe5
30.Bc4 Bd6 31.g3 Bc8 32.Qg2 Bc7 33.Bd5 Rd8 34.Rcd2 Rd6 35.Bc5 Rf6 36.Bd4 Qh5
37.Bxf6 gxf6 38.Bf3 Qg5 39.h4 Qf5 40.c4 Ne5 41.Nd4 Qg6 42.Nc6  1-0

[Event "Skopje ol (Men) fin-C"]
[Site "Skopje"]
[Date "1972.??.??"]
[Round "12"]
[White "Browne, Walter S"]
[Black "Westerinen, Heikki MJ"]
[Result "0-1"]
[WhiteElo "2530"]
[BlackElo "2450"]

1.e4 e5 2.Nf3 Nc6 3.Bb5 a6 4.Ba4 d6 5.O-O Bd7 6.d4 Nf6 7.c3 Be7 8.Re1 O-O
9.Nbd2 Re8 10.a3 Bf8 11.b4 g6 12.Bb2 Bg7 13.d5 Ne7 14.c4 b5 15.Bb3 bxc4 16.Nxc4 Nh5
17.Rc1 Nf4 18.Ncxe5 dxe5 19.Nxe5 Nc8 20.Nxf7 Kxf7 21.d6+ Kf8 22.Bxg7+ Kxg7
23.Rxc7 Kh6 24.Rxd7 Qxd7 25.Ba4 Qd8 26.Bxe8 Nxd6 27.Qf3 Qg5 28.Bc6 Rc8 29.e5 Nf5
30.Bd7 Rc3 31.Qa8 Rc1 32.Rxc1 Nh3+ 33.Kf1 Qxc1+ 34.Ke2 Qc2+ 35.Kf3 Qxf2+
36.Kg4 Qf4+ 37.Kxh3 Qh4+  0-1

[Event "Skopje ol (Men) fin-C"]
[Site "Skopje"]
[Date "1972.??.??"]
[Round "15"]
[White "Sarapu, Ortvin"]
[Black "Browne, Walter S"]
[Result "0-1"]
[WhiteElo "2340"]
[BlackElo "2530"]

1.d4 Nf6 2.Nf3 c5 3.e3 b6 4.c4 e6 5.Be2 Be7 6.Nc3 O-O 7.O-O d6 8.b3 Bb7 9.Bb2 a6
10.Qc2 Nc6 11.Rfd1 cxd4 12.Nxd4 Qc7 13.Ncb5 Nxd4 14.Nxd4 Rfc8 15.Rac1 Be4
16.Bd3 Qb7 17.f3 Bxd3 18.Qxd3 Nd7 19.Ne2 b5 20.Qd4 Nf6 21.e4 bxc4 22.Rxc4 Rxc4
23.Qxc4 Rc8 24.Qd3 d5 25.exd5 Nxd5 26.Rc1 Rd8 27.Qe4 h6 28.Nf4 Bg5 29.Nxd5 Rxd5
30.Re1 Qb6+ 31.Kh1 Qf2 32.Bc1 Bh4  0-1

[Event "USA-ch"]
[Site "El Paso"]
[Date "1973.??.??"]
[Round "1"]
[White "Browne, Walter S"]
[Black "Mednis, Edmar John"]
[Result "1-0"]
[WhiteElo "2530"]
[BlackElo "2430"]

1.e4 d6 2.d4 Nf6 3.Nc3 g6 4.Nf3 Bg7 5.Be2 O-O 6.O-O Nc6 7.h3 e5 8.dxe5 Nxe5
9.Nxe5 dxe5 10.Bc4 c6 11.a4 Nh5 12.Qxd8 Rxd8 13.Be3 Nf4 14.Rfd1 Re8 15.a5 Ne6
16.Na4 Bf8 17.c3 Be7 18.b4 Kg7 19.Ra2 Rd8 20.Rxd8 Bxd8 21.Rd2 Be7 22.Nc5 Nxc5
23.Bxc5 Kf6 24.Rd3 Bxc5 25.Rf3+ Kg5 26.bxc5 f5 27.Rd3 fxe4 28.Rd8 Kf6 29.Re8 h5
30.Be6 Bxe6 31.Rxa8 Bc4 32.Rxa7 Ba6 33.Ra8 g5 34.g3 Bc4 35.Rh8 Kg6 36.Rf8 Ba6
37.g4 hxg4 38.hxg4 Be2 39.Rf5 Bxg4 40.Rxe5 Be2 41.Rxe4 Bd3 42.Re7 Ba6 43.Kg2 Kf6
44.Re4 Bd3 45.Rb4 Ba6 46.Kg3 Kf5 47.f3 Kg6 48.Kg4  1-0

[Event "USA-ch"]
[Site "El Paso"]
[Date "1973.??.??"]
[Round "5"]
[White "Tarjan, James Edward"]
[Black "Browne, Walter S"]
[Result "1/2-1/2"]
[WhiteElo "2415"]
[BlackElo "2530"]

1.e4 c5 2.Nf3 d6 3.d4 cxd4 4.Nxd4 Nf6 5.Nc3 a6 6.Bg5 e6 7.f4 Be7 8.Qf3 h6
9.Bh4 Nbd7 10.O-O-O Qc7 11.Be2 Rb8 12.Qg3 Rg8 13.Rhe1 g5 14.fxg5 Ne5 15.Nf3 Nh5
16.Qf2 Ng4 17.Qd4 hxg5 18.Bxg5 Bxg5+ 19.Nxg5 Rxg5 20.Qh8+ Ke7 21.Bxg4 Bd7
22.Qh6 Rxg4 23.Qxh5 Rbg8 24.g3 Qc5 25.Qxc5 dxc5 26.Rd2 b5 27.Nd1 Bc6 28.Nf2 R4g5
29.Nd3 c4 30.Nf4  1/2-1/2

[Event "USA-ch"]
[Site "El Paso"]
[Date "1973.??.??"]
[Round "7"]
[White "Grefe, John A"]
[Black "Browne, Walter S"]
[Result "1-0"]
[WhiteElo "2200"]
[BlackElo "2530"]

1.e4 c5 2.Nf3 d6 3.d4 cxd4 4.Nxd4 Nf6 5.Nc3 a6 6.Bg5 e6 7.f4 h6 8.Bh4 Be7
9.Qf3 Nbd7 10.O-O-O Qc7 11.Be2 Rb8 12.Qg3 Rg8 13.Rhf1 g5 14.fxg5 Ne5 15.Nf3 b5
16.Nxe5 b4 17.Nxf7 bxc3 18.gxf6 Rxg3 19.fxe7 Rg5 20.Bxg5 hxg5 21.Nxd6+  1-0

[Event "USA-ch"]
[Site "El Paso"]
[Date "1973.??.??"]
[Round "13"]
[White "Bisguier, Arthur Bernard"]
[Black "Browne, Walter S"]
[Result "0-1"]
[WhiteElo "2420"]
[BlackElo "2530"]

1.e4 c5 2.Nf3 e6 3.c3 Nf6 4.e5 Nd5 5.d4 cxd4 6.cxd4 d6 7.Nc3 Be7 8.exd6 Qxd6
9.Bd3 Nc6 10.O-O O-O 11.Ne4 Qd8 12.a3 b6 13.Bb1 Ba6 14.Re1 Rc8 15.Neg5 g6
16.h4 Na5 17.Nxh7 Kxh7 18.h5 Kg7 19.hxg6 f6 20.Rxe6 Rh8 21.Bd3 Bxd3 22.Qxd3 Rc6
23.Re4 Qc8 24.Bd2 Qf5 25.Rae1 Re6 26.Bxa5 bxa5 27.g3 Qxg6 28.Qb1 Rxe4 29.Rxe4 f5
30.Re5 Qh5 31.Nh4 Bxh4 32.Qxf5 Qxf5 33.Rxf5 Ne7 34.Rxa5 Bf6 35.Rxa7 Rd8 36.b4 Rxd4
37.b5 Rd1+ 38.Kg2 Rb1 39.a4 Kg6 40.Rb7 Ra1 41.Ra7 Rb1 42.Rb7 Nf5 43.b6 Nd6
44.Rb8 Bc3 45.Kf3 Ba5 46.Kg4 Rxb6 47.Ra8 Be1 48.a5 Rc6 49.f4 Rc3 50.f5+ Kf6
51.a6 Rxg3+ 52.Kf4 Ra3 53.a7 Bd2+ 54.Kg4 Nf7  0-1

[Event "Nice olm fin-A"]
[Site "Nice"]
[Date "1974.??.??"]
[Round "4"]
[White "Browne, Walter S"]
[Black "Liljedahl, Lennart"]
[Result "1-0"]
[WhiteElo "2575"]
[BlackElo "2330"]

1.e4 Nf6 2.e5 Nd5 3.d4 d6 4.Nf3 Bg4 5.Be2 e6 6.h3 Bh5 7.O-O Be7 8.c4 Nb6
9.Nc3 O-O 10.Be3 Nc6 11.exd6 cxd6 12.d5 Bxf3 13.Bxf3 Ne5 14.dxe6 fxe6 15.Bg4 Rf6
16.b3 Nxg4 17.Qxg4 Nd7 18.Rad1 Qa5 19.Nd5 exd5 20.Qxd7 Rf7 21.Qxb7 Raf8 22.Qxd5 Qxa2
23.Ra1 Qxb3 24.Rfb1 Qc2 25.Rb7 Kh8 26.Raxa7 Rf5 27.Qd2 Qxd2 28.Bxd2 Bf6 29.Be3 h6
30.f4 h5 31.Rb5 Rxb5 32.cxb5 Rb8 33.b6 Bd8 34.b7 Kh7 35.Ra8 Bc7 36.Rxb8 Bxb8
37.f5 g6 38.f6 Kg8 39.Kf2 Kf7 40.Bd4 Ke6 41.Kf3 g5 42.h4 gxh4 43.Kf4  1-0

[Event "Nice olm fin-A"]
[Site "Nice"]
[Date "1974.??.??"]
[Round "6"]
[White "Ghitescu, Theodor"]
[Black "Browne, Walter S"]
[Result "0-1"]
[WhiteElo "2440"]
[BlackElo "2575"]

1.Nf3 Nf6 2.c4 g6 3.Nc3 Bg7 4.g3 O-O 5.Bg2 d6 6.O-O e5 7.d4 Nbd7 8.e3 Re8
9.Qc2 exd4 10.Nxd4 Nc5 11.b3 c6 12.Bb2 a5 13.a3 Ng4 14.Nce2 Qe7 15.Rad1 Bd7
16.h3 Nf6 17.Nc3 Rad8 18.b4 axb4 19.axb4 Nce4 20.Nxe4 Nxe4 21.Ne2 Bf5 22.Qb3 Bxb2
23.Qxb2 h5 24.Kh2 Qe5 25.Qd4 Ra8 26.f3 Nf6 27.e4 Be6 28.c5 Qxd4 29.Rxd4 dxc5
30.bxc5 Nd7 31.Nf4 Nxc5 32.Nxe6 Nxe6 33.Rb4 Nc5 34.Rd1 Ra2 35.Rc4 Nb3 36.Rc3 Rb2
37.Kg1 Re7 38.f4 c5 39.e5 b5 40.Rd6 b4 41.Rc4 Ra7  0-1

[Event "Nice olm prel"]
[Site "Nice"]
[Date "1974.??.??"]
[Round "8"]
[White "Camaton, Carlos"]
[Black "Browne, Walter S"]
[Result "0-1"]
[WhiteElo "2200"]
[BlackElo "2575"]

1.e4 c5 2.Nf3 d6 3.d4 cxd4 4.Nxd4 Nf6 5.Nc3 a6 6.Bg5 Nbd7 7.f4 b5 8.Qf3 Bb7
9.O-O-O Rc8 10.Kb1 e6 11.Bd3 Qb6 12.Nce2 Be7 13.g4 h6 14.Bxf6 Bxf6 15.Qe3 g6
16.g5 hxg5 17.fxg5 Bxd4 18.Qxd4 Qxd4 19.Nxd4 Rh4 20.Rde1 Nc5 21.Nf3 Rf4 22.Nd2 Rf2
23.Rd1 Ke7 24.h4 Rh8 25.Rh3 Rf4 26.Rdh1 Nxe4 27.Nxe4 Bxe4 28.Bxe4 Rxe4 29.Kc1 b4
30.Kd2 Rc4 31.Kd3 d5 32.Kd2 Rh5 33.Kd3 Rf4 34.Ke3 e5 35.R3h2 Ke6 36.Kd3 Kf5
37.Rh3 Rh8 38.R1h2 Rc8 39.h5 Rd4+ 40.Ke3 Re4+ 41.Kf3 Rf4+ 42.Ke3 Kxg5 43.hxg6 fxg6
44.Rh7 Re4+ 45.Kd2 Rcc4  0-1

[Event "Nice olm fin-A"]
[Site "Nice"]
[Date "1974.??.??"]
[Round "9"]
[White "Tringov, Georgi P"]
[Black "Browne, Walter S"]
[Result "1/2-1/2"]
[WhiteElo "2465"]
[BlackElo "2575"]

1.e4 c5 2.Nf3 d6 3.d4 cxd4 4.Nxd4 Nf6 5.Nc3 a6 6.Be2 e5 7.Nb3 Be7 8.O-O Qc7
9.a4 Be6 10.f4 Nbd7 11.Be3 O-O 12.Kh1 exf4 13.Rxf4 Rfe8 14.a5 Bxb3 15.cxb3 d5
16.exd5 Bc5 17.Bd2 Bd6 18.Rc4 Qb8 19.Rh4 Qa7 20.Qg1 Nxd5  1/2-1/2

[Event "Hoogovens"]
[Site "Wijk aan Zee"]
[Date "1974.??.??"]
[Round "8"]
[White "Ghitescu, Theodor"]
[Black "Browne, Walter S"]
[Result "0-1"]
[WhiteElo "2440"]
[BlackElo "2575"]

1.c4 e5 2.Nc3 Nf6 3.Nf3 Nc6 4.g3 Bb4 5.Nd5 e4 6.Nh4 Bc5 7.Bg2 d6 8.O-O Be6
9.Nc3 Bxc4 10.Nxe4 Nxe4 11.Bxe4 Be6 12.Bg2 d5 13.Qc2 Be7 14.Nf3 d4 15.d3 O-O
16.Bf4 Bd5 17.a3 a5 18.Ne1 Bxg2 19.Nxg2 a4 20.b4 axb3 21.Qxb3 Na5 22.Qc2 Bd6
23.Rab1 Re8 24.a4 Ra6 25.Rb5 c6 26.Rbb1 b6 27.e4 dxe3 28.fxe3 Bf8 29.d4 c5
30.Rbd1 cxd4 31.exd4 Ra7 32.d5 Bc5+ 33.Kh1 Rd7 34.Qa2 Nc6 35.Bg5 Nb4 36.Qd2 f6
37.Be3 Rxd5 38.Qc1 Bxe3 39.Qc4 Kh8 40.Rxd5 Qxd5 41.Qxb4 Bc5 42.Qb5 Ra8 43.Re1 h6
44.Qb1 Qc6 45.Qb5 Qd5 46.Qb1 Qc6 47.Qb5 Qxb5 48.axb5 Kg8 49.Nf4 Kf7 50.Nd3 Bd6
51.Nb2 Ra2 52.Nc4 Bc5 53.Rc1 Ra4 54.Nd2 Rb4 55.Rb1 Rxb1+ 56.Nxb1 Bb4  0-1

[Event "Winnipeg"]
[Site "Winnipeg"]
[Date "1974.??.??"]
[Round "?"]
[White "Jimenez Zerquera, Eleazar"]
[Black "Browne, Walter S"]
[Result "1/2-1/2"]
[WhiteElo "2430"]
[BlackElo "2575"]

1.d4 c5 2.d5 Nf6 3.c4 e6 4.Nc3 exd5 5.cxd5 d6 6.e4 g6 7.f4 Bg7 8.Bb5+ Nfd7
9.Bd3 O-O 10.Nf3 Na6 11.O-O Rb8 12.Nb5 Qb6 13.Bc4 Nc7 14.a4 Nxb5 15.axb5 a6
16.Bd2 Qc7 17.Bc3 Bxc3 18.bxc3 Nb6 19.Qb3 axb5 20.Bxb5 Bg4 21.c4 f5 22.e5 Bxf3
23.exd6 Qxd6 24.Qxf3  1/2-1/2

[Event "Winnipeg"]
[Site "Winnipeg"]
[Date "1974.??.??"]
[Round "?"]
[White "Browne, Walter S"]
[Black "Segal, Alexandru Sorin"]
[Result "1-0"]
[WhiteElo "2575"]
[BlackElo "2350"]

1.e4 e5 2.Nf3 Nf6 3.Nxe5 d6 4.Nf3 Nxe4 5.d4 d5 6.Bd3 Be7 7.O-O Nc6 8.c4 Nf6
9.c5 O-O 10.Bb5 Bg4 11.Bxc6 bxc6 12.Nbd2 Ne4 13.Qa4 Nxd2 14.Nxd2 Qd7 15.Nb3 Be2
16.Re1 Bb5 17.Qa5 Bf6 18.Bf4 Bc4 19.Nd2 Bd3 20.Re3 Bg6 21.Nf3 Be4 22.Ne5 Bxe5
23.Bxe5 Rfc8 24.Rae1 h5 25.Bg3 Re8 26.Qxc7 Qxc7 27.Bxc7 f6 28.f3 Bg6 29.Kf2 Kf7
30.Bd6 Rxe3 31.Rxe3 Bb1 32.Re7+ Kg6 33.a3 Bc2 34.Rc7 Ba4 35.b3 Bxb3 36.Rxc6 Bc4
37.Rc7 a6 38.Rb7 Bb5 39.Bb8 Kf5 40.Rb6 Bd7 41.Rd6 Be6 42.Bc7 Bf7 43.c6 Rc8
44.Bb6 h4 45.c7 Kg6 46.Ke3 Kf5 47.g4+ hxg3 48.hxg3 Kg5 49.Ba5 f5 50.Rxa6 Be8
51.Rd6 Bb5 52.Rxd5 Re8+ 53.Kd2 Ba6 54.Rd8 Re2+ 55.Kd1  1-0

[Event "Lone Pine"]
[Site "Lone Pine"]
[Date "1975.??.??"]
[Round "2"]
[White "Biyiasas, Peter"]
[Black "Browne, Walter S"]
[Result "0-1"]
[WhiteElo "2430"]
[BlackElo "2550"]

1.c4 Nf6 2.Nc3 g6 3.g3 Bg7 4.Bg2 O-O 5.Nf3 d6 6.d4 Nbd7 7.O-O e5 8.e4 exd4
9.Nxd4 Nc5 10.Rb1 Re8 11.Re1 Ng4 12.f4 c6 13.h3 Qb6 14.hxg4 Bxg4 15.Qxg4 Bxd4+
16.Kh2 Bxc3 17.Re2 Bd4 18.b3 Nd3 19.Qf3 Nxc1 20.Rxc1 Re7 21.Rd1 a5 22.Qd3 c5
23.a4 Rae8 24.Bf3 h5 25.Kg2 Kg7 26.Rh1 Qb4 27.Rc1 Rh8 28.Rh1 Ree8 29.Rh3 Qb6
30.Rh1 Qd8 31.Rh4 b6 32.Re1 Bf6 33.Rhh1 h4 34.Rh3 hxg3 35.Reh1 Rxh3 36.Kxh3 Rh8+
37.Kxg3 Rxh1 38.Bxh1 Qh8 39.Qf1 Qh4+ 40.Kf3 Bd4 41.Bg2 f6 42.Ke2 Qh2 43.Kf3 Qh5+
44.Kg3 g5 45.fxg5 Be5+ 46.Kf2 fxg5 47.Qh1 Bd4+ 48.Ke1 Bc3+ 49.Kf2 Qf7+ 50.Ke2 Qf4
51.Qf1 Qd2+ 52.Kf3 Qf4+ 53.Ke2 Qd2+ 54.Kf3 Qc2 55.Kg4 Qxb3 56.e5 Bxe5 57.Bd5 Qg3+
58.Kf5 Bf6 59.Ke6 Qe5+ 60.Kd7 Qe7+ 61.Kc6 Qe8+ 62.Kxb6 Qxa4 63.Qf5 Bd8+ 64.Ka6 Qe8
65.Be4 Qh5  0-1

[Event "Lone Pine"]
[Site "Lone Pine"]
[Date "1975.??.??"]
[Round "6"]
[White "Tarjan, James Edward"]
[Black "Browne, Walter S"]
[Result "0-1"]
[WhiteElo "2480"]
[BlackElo "2550"]

1.e4 c5 2.Nc3 d6 3.Nge2 Nf6 4.g3 Nc6 5.Bg2 g6 6.O-O Bg7 7.d3 O-O 8.h3 Rb8
9.Rb1 b5 10.a3 Nd7 11.b4 Nd4 12.Bb2 Nb6 13.Nxd4 cxd4 14.Ne2 Na4 15.Ba1 Qb6
16.Qd2 Bd7 17.Rbc1 Rbc8 18.c3 dxc3 19.Nxc3 Nxc3 20.Bxc3 Bxc3 21.Rxc3 Rxc3
22.Qxc3 Rc8 23.Qb2 Qc6 24.Ra1 Qc3 25.Qxc3 Rxc3 26.Bf1 Kf8 27.Kg2 Ke8 28.Kf3 Kd8
29.Ke3 Rc2 30.d4 Kc7 31.Bd3 Rb2 32.h4 Kb6 33.Rc1 Rb3 34.Ra1 e5 35.dxe5 dxe5
36.Kd2 a6 37.Bc2 Rf3 38.Ke2 Bg4 39.Ke1 h5 40.Bd1 Rd3 41.Be2 Rb3 42.Ra2 a5
43.Bxg4 hxg4 44.Rd2  0-1

[Event "FRG-ch International"]
[Site "Mannheim"]
[Date "1975.??.??"]
[Round "1"]
[White "Mallee, Ralph"]
[Black "Browne, Walter S"]
[Result "0-1"]
[WhiteElo "2200"]
[BlackElo "2550"]

1.e4 c5 2.Nf3 d6 3.d4 cxd4 4.Nxd4 Nf6 5.Nc3 a6 6.Bc4 b5 7.Bb3 e6 8.O-O Be7
9.f4 O-O 10.e5 dxe5 11.fxe5 Nfd7 12.Qh5 Nc6 13.Nxc6 Qb6+ 14.Be3 Qxc6 15.Rf3 Bb7
16.Kh1 Bc5 17.Re1 a5 18.a4 b4 19.Nb5 Bxe3 20.Rexe3 Rad8 21.Rg3 g6 22.Qg4 Nc5
23.Nd6 Nxb3 24.Rxb3 Qxc2 25.h4 Bxg2+ 26.Rxg2 Qxb3 27.h5 Qd5 28.Qg5 Rxd6 29.exd6 Qxg5
30.Rxg5 f5 31.hxg6 Rd8 32.gxh7+ Kxh7 33.Kg2 Rxd6 34.Kf3 Rd4 35.Rg2 e5 36.Rg5 Rf4+
37.Ke3 Rf1 38.b3 Kh6 39.Rg8 Rb1 40.Ra8 Rxb3+ 41.Ke2 Kg5 42.Rxa5 Kf4 43.Rb5 e4
44.a5 Rb2+ 45.Kf1 Ra2  0-1

[Event "FRG-ch International"]
[Site "Mannheim"]
[Date "1975.??.??"]
[Round "3"]
[White "Ostermeyer, Peter"]
[Black "Browne, Walter S"]
[Result "0-1"]
[WhiteElo "2200"]
[BlackElo "2550"]

1.e4 c5 2.Nf3 d6 3.d4 cxd4 4.Nxd4 Nf6 5.Nc3 a6 6.f4 Nbd7 7.a4 g6 8.Bc4 Bg7
9.Qe2 O-O 10.Nf3 Nc5 11.e5 dxe5 12.fxe5 Ng4 13.h3 Nh6 14.Be3 Qa5 15.O-O Be6
16.Ng5 Nf5 17.Bf2 Qb4 18.Nxe6 Nxe6 19.Bb3 Nf4 20.Qe1 e6 21.a5 Qe7 22.Qe4 Qg5
23.Kh2 Bxe5 24.g3 Nd6 25.Qe3 Qf5 26.gxf4 Bxf4+ 27.Bg3 Bxe3 28.Bxd6 Bc5 29.Bg3 Qh5
30.Rae1 Rad8 31.Ne4 Be7 32.Nf2 Rd2 33.Kg2 Bf6 34.c3 Rxb2 35.Bd1 Qxa5  0-1

[Event "FRG-ch International"]
[Site "Mannheim"]
[Date "1975.??.??"]
[Round "4"]
[White "Browne, Walter S"]
[Black "Lombard, Andre"]
[Result "1/2-1/2"]
[WhiteElo "2550"]
[BlackElo "2420"]

1.e4 c5 2.Nf3 e6 3.d4 cxd4 4.Nxd4 Nf6 5.Nc3 d6 6.g4 a6 7.g5 Nfd7 8.Bg2 b5
9.O-O Bb7 10.f4 Nc6 11.Be3 Be7 12.Qh5 g6 13.Qh6 Bf8 14.Nxc6 Bxc6 15.Qh4 Bg7
16.f5 Be5 17.Rf2 Nb6 18.fxe6 fxe6 19.Qh3 Nc4 20.Qxe6+ Qe7 21.Qxe7+ Kxe7 22.Nd1 Nxe3
23.Nxe3 Bxb2 24.Rd1 Be5  1/2-1/2

[Event "FRG-ch International"]
[Site "Mannheim"]
[Date "1975.??.??"]
[Round "5"]
[White "Keene, Raymond D"]
[Black "Browne, Walter S"]
[Result "1/2-1/2"]
[WhiteElo "2505"]
[BlackElo "2550"]

1.Nf3 Nf6 2.g3 g6 3.b3 Bg7 4.Bb2 O-O 5.Bg2 d6 6.d4 Nbd7 7.O-O Re8 8.Nbd2 e5
9.dxe5 dxe5 10.e4 b6 11.Qe2 Bb7 12.Rfd1 Qe7 13.a4 a5 14.Ba3 Qe6 15.Qe3 Bf8
16.Bxf8 Rxf8 17.Qh6 Qe7 18.Ng5 Rfe8 19.Bf1 Qf8 20.Qxf8+ Kxf8 21.f3 h6 22.Nh3 Nc5
23.Nc4 g5 24.Nf2 h5 25.Be2 g4 26.fxg4 hxg4 27.Nxg4 Nxg4 28.Bxg4 Bxe4 29.Rd2 Kg7
30.Rf1 f6 31.Rdf2 Rf8 32.Ne3 Rad8 33.Bf5 Bb7 34.h4 Rf7 35.Kh2 Ne4 36.Bxe4 Bxe4
37.g4 Rff8  1/2-1/2